| 000 | 01543cam a22002294a 4500 | ||
|---|---|---|---|
| 005 | 20250605163933.0 | ||
| 008 | 250528s ||||||||||||||||||||||||d | ||
| 035 | _a14762 | ||
| 020 | _a960210015 | ||
| 040 |
_aGR-AtMCL _bgre _dGR-AtMCL _eAACR2 |
||
| 245 | 1 | _aΕισαγωγή στην Κοινωνιολογία / Γ' 'Εκδοση | |
| 250 | _a3η | ||
| 260 |
_bΟδυσσέας, _c1989 |
||
| 300 | _a192 | ||
| 520 | _aΑυτό το βιβλίο απευθύνεται σε αρχάριους της κοινωνιολογίας και σε μη-ειδικούς που επιζητούν μία ''εισαγωγή'' στο σύγχρονο κοινωνιολογικό προβληματισμό και τις εξελίξεις. Πρόλογος, Κοινωνιολογία: Θέματα και Προβλήματα, Αντικρουόμενες Ερμηνείες: Βιομηχανική Κοινωνία ή Καπιταλισμός;, Ταξική Δομή και Κοινωνικός Μετασχηματισμός, Το Σύγχρονο Κράτος, Η Πόλη: Αστικό Περιβάλλον και Καθημερινή Ζωή, Η Οικογένεια και το Φύλο, Καπιταλισμός και Παγκόσμιο Σύστημα, Συμπέρασμα: Η Κοινωνιολογία ως Κριτική Θεωρία. | ||
| 700 | 1 |
_aGiddens Anthony _9516 |
|
| 700 | 1 |
_aΓκράβαρης Διονύσης _9517 |
|
| 700 | 1 |
_aΚονιαβίτης Θωμάς _9518 |
|
| 942 | _cBK | ||
| 999 |
_c382 _d382 |
||